000 00871nam a22002057a 4500
005 20240301170550.0
010 _aHIN-126877
020 _a9789392186 981
_c495.00
035 _aHN-99223
037 _bDBAD/PUB
082 _a
100 _aरवीन्द्र आरोही
_962752
245 _aजादू एक हँसी एक हीरोइन/
_cरवीन्द्र आरोही
250 _a1
260 _aप्रयागराज
_bलोकभारती प्रकाशन
_c2022
270 _aपहली मंजिल, दरबारी बिल्डिंग, महात्मा गाँधी मार्ग
_bप्रयागराज
_e211002
300 _a166 पृष्ठ;
_c22 सेमी (सजिल्द)
760 _b1
942 _cHN
_2ddc
_h
_mरवीन्द्र
999 _c200722
_d200722